| 000 | 00567nam a2200229Ia 4500 | ||
|---|---|---|---|
| 003 | OSt | ||
| 005 | 20220926044403.0 | ||
| 006 | a|||||r|||| 00| 0 | ||
| 007 | ta | ||
| 008 | 220923b |||||||| |||| 00| 0 eng d | ||
| 037 | _cGeneral Book | ||
| 040 |
_aRTL _cRTL _beng |
||
| 041 |
_2eng _aeng |
||
| 082 | _aX9(K), H1 | ||
| 100 |
_aDowell A A _9348951 |
||
| 245 | 0 | _aLive stock marketing | |
| 260 | _c1941 | ||
| 300 |
_a534p _ccm. |
||
| 700 |
_a Bjorka K _9348952 |
||
| 942 |
_hX9(K), H1 _cGB _2CC |
||
| 999 |
_c674742 _d674742 |
||